ბათუმის შოთა რუსთაველის სახელმწიფო უნივერსიტეტის ბიბლიოთეკა

საისტორიო მაცნე : (ბიბ.ჩანაწერი № 61517)

000 -ლიდერი
ფიქსირებული სიგრძის საკონტროლო ველი 01131nam a22002057a 4500
003 - საკონტროლო ნომრის იდენტიფიკატორი
საკონტროლო ველი Ge_BSU
005 - ბოლო ოპერაციის თარიღი და დრო
საკონტროლო ველი 20240321115050.0
008 - ფიქსირებული სიგრძის მონაცემთა ელემენტები - ზოგადი ინფორმაცია
ფიქსირებული სიგრძის საკონტროლო ველი 240321s1995ge xxu||||| |||| 00| 0 geo d
041 ## - ენის კოდი
Language code of text/sound track or separate title geo
080 ## - უნივერსალური ათობითი კლასიფიკაციის ინდექსი
Universal Decimal Classification number 94(479.22)(063) ს-18
245 ## - ცნობა სათაურის შესახებ
Title საისტორიო მაცნე :
Remainder of title ნაკვეთი მეორე [შრომების კრებული] /
Statement of responsibility, etc რედ. აბელ სურგულაძე
264 ## - წარმოების, გამოცემის, დისტრიბუციის და სხვა ცნობები
გამოცემის, წარმოების, დისტრიბუციის... ადგილი ბათუმი :
გამოცემის, წარმოების, დისტრიბუციის... სახელწოდება აჭარა,
გამოცემის, წარმოების, დისტრიბუციის... თარიღი 1995.
300 ## - ფიზიკური აღწერა
Extent 31 გვ.:
Other physical details 20 სმ.
600 ## - SUBJECT ADDED ENTRY--PERSONAL NAME
Dates associated with a name ეძღვნება ბათუმის სახელმწიფო უნივერსიტეტის 60 წლისთავს
9 (RLIN) 21510
653 ## - INDEX TERM--UNCONTROLLED
Uncontrolled term საისტორიო მაცნე
653 ## - INDEX TERM--UNCONTROLLED
Uncontrolled term [შრომების კრებული]
700 ## - ADDED ENTRY--PERSONAL NAME
Personal name სურგულაძე, აბელ
Relator term რედაქტორი
9 (RLIN) 21509
710 ## - ADDED ENTRY--CORPORATE NAME
Corporate name or jurisdiction name as entry element ბათუმის სახელმწიფო უნივერსიტეტი, საქართველოს ისტორიის კათედრა
9 (RLIN) 21476
942 ## - ADDED ENTRY ELEMENTS (KOHA)
Source of classification or shelving scheme
Koha item type შრომები
ეგზემპლარები
ჩამოწერის სტატუსი დაკარგული ეგზემპლარის სტატუსი კლასიფიკაციის წყარო ან თაროზე გაწყობის სქემა დაზიანების სტატუსი არ გაიცემა მუდმივი მდებარეობა (დაცვის ადგილი) ამჟამინდელი ადგილსამყოფელი თაროზე განთავსების ადგილი შეძენის თარიღი ღირებულება, შესყიდვის ნორმალური ფასი სრული შენახვის შიფრი შტრიხკოდი ბოლო ოპერაციის თარიღი ეგზემპლარის მიმდევრობითი ნომერი (კეტერი?) ფასის ძალაში შესვლის თარიღი ეგზემპლარის სახეობა საჯარო შენიშვნა
          ბათუმის შოთა რუსთაველის სახელმწიფო უნივერსიტეტის მთავარი ბიბლიოთეკა ბათუმის შოთა რუსთაველის სახელმწიფო უნივერსიტეტის მთავარი ბიბლიოთეკა წიგნსაცავი 2024-03-21 0.00 94(479.22)(063) ს-18 67694 2024-03-21 67694 2024-03-21 შრომები 0,50თ.
          ბათუმის შოთა რუსთაველის სახელმწიფო უნივერსიტეტის მთავარი ბიბლიოთეკა ბათუმის შოთა რუსთაველის სახელმწიფო უნივერსიტეტის მთავარი ბიბლიოთეკა წიგნსაცავი 2024-03-21 1.00 94(479.22)(063) ს-18 67695 2024-03-21 67695 2024-03-21 შრომები 1.00
          ბათუმის შოთა რუსთაველის სახელმწიფო უნივერსიტეტის მთავარი ბიბლიოთეკა ბათუმის შოთა რუსთაველის სახელმწიფო უნივერსიტეტის მთავარი ბიბლიოთეკა წიგნსაცავი 2024-03-21 1.00 94(479.22)(063) ს-18 67696 2024-03-21 67696 2024-03-21 შრომები 1.00
          ბათუმის შოთა რუსთაველის სახელმწიფო უნივერსიტეტის მთავარი ბიბლიოთეკა ბათუმის შოთა რუსთაველის სახელმწიფო უნივერსიტეტის მთავარი ბიბლიოთეკა წიგნსაცავი 2024-03-27 2.00 94(479.22)(063) ს-18 67727 2024-03-27 67727 2024-03-27 შრომები 2 ლ.